<?xml version="1.0" encoding="UTF-8"?>
<record
    xmlns:xsi="http://www.w3.org/2001/XMLSchema-instance"
    xsi:schemaLocation="http://www.loc.gov/MARC21/slim http://www.loc.gov/standards/marcxml/schema/MARC21slim.xsd"
    xmlns="http://www.loc.gov/MARC21/slim">

  <leader>01132nam a22002657a 4500</leader>
  <datafield tag="999" ind1=" " ind2=" ">
    <subfield code="c">62930</subfield>
    <subfield code="d">62930</subfield>
  </datafield>
  <controlfield tag="005">20240530110614.0</controlfield>
  <controlfield tag="008">160903s2013    ua a   g      001 0 ara d</controlfield>
  <datafield tag="017" ind1=" " ind2=" ">
    <subfield code="a">2012/15989</subfield>
    <subfield code="b">&#x645;&#x635;&#x631; . &#x62F;&#x627;&#x631; &#x627;&#x644;&#x643;&#x62A;&#x628; &#x648;&#x627;&#x644;&#x648;&#x62B;&#x627;&#x626;&#x642; &#x627;&#x644;&#x642;&#x648;&#x645;&#x64A;&#x647;</subfield>
  </datafield>
  <datafield tag="020" ind1=" " ind2=" ">
    <subfield code="a">9789777180368</subfield>
  </datafield>
  <datafield tag="040" ind1=" " ind2=" ">
    <subfield code="a">EG-CaGPL</subfield>
  </datafield>
  <datafield tag="082" ind1="0" ind2="4">
    <subfield code="2">&#x637;21</subfield>
    <subfield code="a">953.07/</subfield>
    <subfield code="b">&#x641; &#x645; .</subfield>
  </datafield>
  <datafield tag="100" ind1="1" ind2=" ">
    <subfield code="a">&#x641;&#x627;&#x631;&#x62C; &#x641;&#x64A;&#x644;&#x64A;&#x628;</subfield>
  </datafield>
  <datafield tag="245" ind1="1" ind2=" ">
    <subfield code="a">&#x627;&#x644;&#x645;&#x633;&#x64A;&#x62D;&#x64A;&#x648;&#x646; &#x648; &#x627;&#x644;&#x64A;&#x647;&#x648;&#x62F; &#x641;&#x649; &#x627;&#x644;&#x62A;&#x627;&#x631;&#x64A;&#x62E; &#x627;&#x644;&#x627;&#x633;&#x644;&#x627;&#x645;&#x649; &#x627;&#x644;&#x639;&#x631;&#x628;&#x649; &#x648; &#x627;&#x644;&#x62A;&#x631;&#x643;&#x649; :</subfield>
    <subfield code="c">&#x62A;&#x627;&#x644;&#x64A;&#x641; &#x641;&#x627;&#x631;&#x62C; &#x641;&#x64A;&#x644;&#x64A;&#x628; &#x60C; &#x64A;&#x648;&#x633;&#x641; &#x643;&#x631;&#x628;&#x627;&#x62C; &#x61B; &#x62A;&#x631;&#x62C;&#x645;&#x647; &#x628;&#x634;&#x64A;&#x631; &#x627;&#x644;&#x633;&#x628;&#x627;&#x639;&#x649;</subfield>
  </datafield>
  <datafield tag="250" ind1=" " ind2=" ">
    <subfield code="a">&#x637;1 .</subfield>
  </datafield>
  <datafield tag="260" ind1=" " ind2=" ">
    <subfield code="a">&#x627;&#x644;&#x642;&#x627;&#x647;&#x631;&#x647; :</subfield>
    <subfield code="b">&#x627;&#x644;&#x645;&#x631;&#x643;&#x632; &#x627;&#x644;&#x642;&#x648;&#x645;&#x649; &#x644;&#x644;&#x62A;&#x631;&#x62C;&#x645;&#x647; &#x60C;</subfield>
    <subfield code="c">2013 .</subfield>
  </datafield>
  <datafield tag="300" ind1=" " ind2=" ">
    <subfield code="a">315 &#x635; &#x61B;</subfield>
    <subfield code="c">24 &#x633;&#x645; .</subfield>
  </datafield>
  <datafield tag="490" ind1="0" ind2=" ">
    <subfield code="a">&#x627;&#x644;&#x645;&#x634;&#x631;&#x648;&#x639; &#x627;&#x644;&#x642;&#x648;&#x645;&#x649; &#x644;&#x644;&#x62A;&#x631;&#x62C;&#x645;&#x647;</subfield>
    <subfield code="v">2147</subfield>
  </datafield>
  <datafield tag="650" ind1="0" ind2="4">
    <subfield code="a">&#x627;&#x644;&#x639;&#x627;&#x644;&#x645; &#x627;&#x644;&#x639;&#x631;&#x628;&#x649;</subfield>
    <subfield code="x">&#x62A;&#x627;&#x631;&#x64A;&#x62E;</subfield>
  </datafield>
  <datafield tag="650" ind1="0" ind2="4">
    <subfield code="a">&#x627;&#x644;&#x64A;&#x647;&#x648;&#x62F;</subfield>
    <subfield code="x">&#x627;&#x644;&#x639;&#x627;&#x644;&#x645; &#x627;&#x644;&#x627;&#x633;&#x644;&#x627;&#x645;&#x649;</subfield>
  </datafield>
  <datafield tag="650" ind1="0" ind2="4">
    <subfield code="a">&#x627;&#x644;&#x645;&#x633;&#x64A;&#x62D;&#x64A;&#x648;&#x646;</subfield>
    <subfield code="x">&#x627;&#x644;&#x639;&#x627;&#x644;&#x645; &#x627;&#x644;&#x627;&#x633;&#x644;&#x627;&#x645;&#x649;</subfield>
  </datafield>
  <datafield tag="700" ind1="0" ind2=" ">
    <subfield code="a">&#x64A;&#x648;&#x633;&#x641; &#x643;&#x631;&#x628;&#x627;&#x62C;</subfield>
    <subfield code="e">&#x645;&#x624;&#x644;&#x641;</subfield>
  </datafield>
  <datafield tag="700" ind1="0" ind2=" ">
    <subfield code="a">&#x628;&#x634;&#x64A;&#x631; &#x627;&#x644;&#x633;&#x628;&#x627;&#x639;&#x649;</subfield>
    <subfield code="e">&#x645;&#x62A;&#x631;&#x62C;&#x645;</subfield>
  </datafield>
  <datafield tag="942" ind1=" " ind2=" ">
    <subfield code="2">ddc</subfield>
    <subfield code="c">BK</subfield>
  </datafield>
  <datafield tag="952" ind1=" " ind2=" ">
    <subfield code="0">0</subfield>
    <subfield code="1">0</subfield>
    <subfield code="4">0</subfield>
    <subfield code="7">0</subfield>
    <subfield code="a">CAI</subfield>
    <subfield code="b">CAI</subfield>
    <subfield code="c">MAIN-LIBRARY</subfield>
    <subfield code="d">2016-11-28</subfield>
    <subfield code="l">0</subfield>
    <subfield code="o">953.07/ &#x641; &#x645; .</subfield>
    <subfield code="p">162844</subfield>
    <subfield code="r">2016-11-28 00:00:00</subfield>
    <subfield code="w">2016-11-28</subfield>
    <subfield code="y">BK</subfield>
  </datafield>
</record>
